[Event "Roncana op-B 13th"]
[Site "Santa Eulalia de Roncana"]
[Date "2019.10.05"]
[Round "2"]
[White "Prada Villagrasa, Pau Manel"]
[Black "Argemi Chinchilla, Erik"]
[Result "1/2-1/2"]
[WhiteElo "1475"]
[BlackElo "1380"]
[PlyCount "89"]
[EventDate "2019.09.28"]
[EventType "swiss"]
[EventRounds "8"]
[EventCountry "ESP"]
[SourceTitle "CBM 193 Extra"]
[Source "ChessBase"]
[SourceDate "2020.01.31"]
[SourceVersion "1"]
[SourceVersionDate "2020.01.31"]
[SourceQuality "1"]

1. d4 d5 2. Nf3 Nf6 3. e3 e6 4. Bd3 c5 5. b3 Nc6 6. Bb2 Bd6 7. Nbd2 0-0 8. 0-0 b6 9. Ne5 Bb7 10. f4 Ne7 11. Qe1 Nf5 12. Rc1 Be7 13. Qe2 Nd6 14. Ng4 cxd4 15. exd4 Nfe4 16. Bxe4 Nxe4 17. Nxe4 dxe4 18. Ne5 f5 19. Qc4 Bd5 20. Qe2 Bb7 21. Qf2 Qc7 22. Kh1 Bf6 23. c4 Bxe5 24. dxe5 Rad8 25. Rcd1 Rxd1 26. Rxd1 Rd8 27. Rd4 Kf7 28. Ba3 Rxd4 29. Qxd4 Qc6 30. Qe3 Qd7 31. Bd6 Qd8 32. Qh3 e3 33. Kg1 Be4 34. Kf1 Qa8 35. a3 e2+ 36. Kxe2 Bxg2 37. Qh5+ Kg8 38. Kd2 Bf3 39. Qh4 Bg4 40. Qf2 Qe4 41. Bb8 Qb1 42. Qd4 Qd1+ 43. Kc3 Qc1+ 44. Kd3 Qb1+ 45. Kc3 1/2-1/2

[Event "Llinars del Valles op-B 13th"]
[Site "Llinars del Valles"]
[Date "2019.05.04"]
[Round "4"]
[White "Molina Barbancho, Serafin"]
[Black "Argemi Chinchilla, Erik"]
[Result "0-1"]
[WhiteElo "1162"]
[BlackElo "1405"]
[PlyCount "120"]
[EventDate "2019.03.30"]
[EventType "swiss"]
[EventRounds "8"]
[EventCountry "ESP"]
[SourceTitle "EXT 2020"]
[Source "ChessBase"]
[SourceDate "2019.10.17"]
[SourceVersion "1"]
[SourceVersionDate "2019.10.17"]
[SourceQuality "1"]

1. d4 d5 2. Bf4 Nf6 3. Nc3 e6 4. a3 Bd6 5. Bg5 Be7 6. Bxf6 Bxf6 7. e3 0-0 8. Bd3 c5 9. Nce2 c4 10. Bxh7+ Kxh7 11. Nf4 Qa5+ 12. c3 Qb6 13. Rb1 a6 14. Qh5+ Kg8 15. Qf3 Nd7 16. Nge2 Qb3 17. 0-0 Qb5 18. Nh5 Qb6 19. Nxf6+ Nxf6 20. Ng3 Qc7 21. Qf4 Qxf4 22. exf4 Bd7 23. Ne2 Nh5 24. f3 Ba4 25. Rbc1 Kh7 26. g4 Nf6 27. Ng3 a5 28. g5 Ne8 29. Kf2 Nd6 30. Rg1 b5 31. h4 b4 32. Ra1 bxc3 33. bxc3 Rab8 34. Rab1 Bb3 35. Ke3 Nf5+ 36. Nxf5 exf5 37. Rb2 Rfe8+ 38. Kd2 f6 39. g6+ Kg8 40. Re1 Kf8 41. Rh1 Re7 42. Re1 Rxe1 43. Kxe1 Re8+ 44. Kf2 Kg8 45. Rd2 Kf8 46. h5 Ke7 47. Kf1 Kd7 48. Kf2 Rh8 49. Kg3 Rxh5 50. Rh2 Rxh2 51. Kxh2 Kc6 52. Kg2 Kb5 53. Kf2 Ka4 54. Ke2 Kxa3 55. Kd2 Kb2 56. Ke2 a4 57. Kd2 a3 58. Ke3 a2 59. Kd2 a1Q 60. Ke3 Qe1# 0-1

[Event "Llinars del Valles op-B 12th"]
[Site "Llinars del Valles"]
[Date "2018.05.19"]
[Round "5.31"]
[White "Argemi Chinchilla, Erik"]
[Black "Espada Espanol, Tura"]
[Result "1-0"]
[WhiteElo "1244"]
[BlackElo "1422"]
[PlyCount "61"]
[EventDate "2018.04.14"]
[EventType "swiss"]
[EventRounds "8"]
[EventCountry "ESP"]
[SourceTitle "CBM 184 Extra"]
[Source "ChessBase"]
[SourceDate "2018.06.28"]
[SourceVersion "1"]
[SourceVersionDate "2018.06.28"]
[SourceQuality "1"]

1. d4 d5 2. Nf3 e6 3. e3 Nf6 4. Bd3 c5 5. b3 Nc6 6. Bb2 Be7 7. Nbd2 Qc7 8. a3 Bd7 9. 0-0 Ng4 10. h3 Nf6 11. Qe2 0-0-0 12. c4 Bd6 13. dxc5 Bxc5 14. b4 Be7 15. Rac1 Kb8 16. cxd5 Nxd5 17. b5 f6 18. bxc6 Bxc6 19. Nd4 Rd6 20. Bb5 e5 21. Nxc6+ bxc6 22. Ne4 Rdd8 23. Rxc6 Qa5 24. Ra6 Qc7 25. Rc1 Qb7 26. Bc6 Qb3 27. Nd2 Nb6 28. Nxb3 g5 29. Rxb6+ axb6 30. Qa6 Rd1+ 31. Rxd1 1-0

[Event "Llinars del Valles op-B 12th"]
[Site "Llinars del Valles"]
[Date "2018.04.28"]
[Round "3.35"]
[White "Argemi Chinchilla, Erik"]
[Black "Sanchez Parare, Loresmar Karin"]
[Result "1/2-1/2"]
[WhiteElo "1244"]
[BlackElo "1546"]
[PlyCount "61"]
[EventDate "2018.04.14"]
[EventType "swiss"]
[EventRounds "8"]
[EventCountry "ESP"]
[SourceTitle "CBM 184 Extra"]
[Source "ChessBase"]
[SourceDate "2018.06.28"]
[SourceVersion "1"]
[SourceVersionDate "2018.06.28"]
[SourceQuality "1"]

1. e4 e6 2. d4 d5 3. exd5 exd5 4. Nf3 c5 5. Nc3 Nf6 6. Bg5 cxd4 7. Bxf6 gxf6 8. Qxd4 Nc6 9. Bb5 a6 10. Bxc6+ bxc6 11. 0-0 Qd6 12. Rfe1+ Be7 13. Re2 c5 14. Qxd5 Qxd5 15. Nxd5 Ra7 16. Nxf6+ Kf8 17. Nd5 Bd6 18. Rae1 Kg7 19. Ne7 Be6 20. Nc6 Rb7 21. b3 Rc8 22. Nce5 Bxe5 23. Rxe5 Rd7 24. h3 h6 25. g4 c4 26. b4 c3 27. a3 Bd5 28. Nh4 Be6 29. Nf3 Bd5 30. Nh4 Be6 31. Nf3 1/2-1/2

[Event "Roncana op-C 11th"]
[Site "Santa Eulalia de Roncana"]
[Date "2017.11.11"]
[Round "7.4"]
[White "Argemi Chinchilla, Erik"]
[Black "Martinez Suarez, Alex"]
[Result "0-1"]
[WhiteElo "1450"]
[BlackElo "1721"]
[PlyCount "66"]
[EventDate "2017.09.23"]
[EventType "swiss"]
[EventRounds "8"]
[EventCountry "ESP"]
[SourceTitle "EXT 2024"]
[Source "ChessBase"]
[SourceDate "2023.10.10"]
[SourceVersion "1"]
[SourceVersionDate "2023.10.10"]
[SourceQuality "1"]

1. d4 d5 2. c4 e6 3. Nf3 Nc6 4. e3 Nf6 5. cxd5 exd5 6. Bb5 Bd6 7. 0-0 0-0 8. Nc3 Bg4 9. Re1 Ne4 10. Be2 h6 11. Nxd5 Bxh2+ 12. Nxh2 Bxe2 13. Qxe2 Qxd5 14. Rd1 Rfe8 15. Nf3 Rad8 16. Ne5 Nxe5 17. dxe5 Qxd1+ 18. Qxd1 Rxd1+ 19. Kh2 Nxf2 20. a4 Nd3 21. Ra3 Nxc1 22. Rc3 c6 23. Rc5 Nd3 24. Ra5 Rxe5 25. Rxa7 Nxb2 26. Rxb7 Nxa4 27. Rc7 c5 28. Kg3 Rxe3+ 29. Kf2 Re6 30. Ra7 Nb2 31. Ra8+ Kh7 32. Rc8 c4 33. Rc7 Kg6 0-1

[Event "Roncana op-C 11th"]
[Site "Santa Eulalia de Roncana"]
[Date "2017.11.04"]
[Round "6.4"]
[White "Al Badwan Mendieta, Nabih"]
[Black "Argemi Chinchilla, Erik"]
[Result "1-0"]
[WhiteElo "1687"]
[BlackElo "1450"]
[PlyCount "75"]
[EventDate "2017.09.23"]
[EventType "swiss"]
[EventRounds "8"]
[EventCountry "ESP"]
[SourceTitle "EXT 2024"]
[Source "ChessBase"]
[SourceDate "2023.10.10"]
[SourceVersion "1"]
[SourceVersionDate "2023.10.10"]
[SourceQuality "1"]

1. d4 Nf6 2. Nf3 d5 3. e3 e6 4. Bd3 Be7 5. Nbd2 0-0 6. b3 Re8 7. Bb2 Bd6 8. 0-0 Nbd7 9. Ne5 c6 10. c4 Qc7 11. f4 b6 12. Rf3 Bb7 13. Rh3 h6 14. Qe1 Ne4 15. Nxe4 dxe4 16. Bxe4 f5 17. Bd3 Nxe5 18. fxe5 Bf8 19. Qg3 g5 20. Qe1 Rad8 21. Rf3 Bc8 22. Rd1 Bg7 23. Bc2 Re7 24. Rf2 Red7 25. Rfd2 Bb7 26. Qf2 c5 27. h3 cxd4 28. exd4 Qc6 29. Bd3 Bf8 30. Bc3 b5 31. Be2 b4 32. Bb2 Bc5 33. Bf3 Qc7 34. dxc5 Rxd2 35. Rxd2 Rxd2 36. Qxd2 Bc8 37. Qd4 Qe7 38. Qd6 1-0